000 00695nam a2200217Ii 4500
003 JO-AjNU
008 230605s9999||||xx |||||||||||||| ||und||
017 _a2007/6/1755
040 _aJO-AjNU
_bara
_erda
_cJO-AjNU
041 _aara
050 1 4 _aPJ7862.A7316.D58 2007
100 3 _aتأليف السرحان، زايد فلاح القويماني ,
_eauthor
_938084
245 0 0 _aديوان الهدلي، شعر نبطي
250 _aط1
264 3 1 _aعمان : دار البشير،2007
300 _a177ص
336 _atext
_btxt
_2rdacontent
337 _aunmediated
_bn
_2rdamedia
338 _avolume
_bnc
_2rdacarrier
650 4 _aالأدب العربي - مقالات
_938085
999 _aA15971
_c19539
_d19539